ბათუმის შოთა რუსთაველის სახელმწიფო უნივერსიტეტის ბიბლიოთეკა

ფერთა აღმნიშვნელი ლექსიკა ქართულსა და რუსულ ენებში : (ბიბ.ჩანაწერი № 52497)

000 -ლიდერი
ფიქსირებული სიგრძის საკონტროლო ველი 01163nam a2200253Ia 4500
001 - საკონტროლო ნომერი
საკონტროლო ველი 19520
003 - საკონტროლო ნომრის იდენტიფიკატორი
საკონტროლო ველი GE_BSU
005 - ბოლო ოპერაციის თარიღი და დრო
საკონტროლო ველი 20200220112924.0
008 - ფიქსირებული სიგრძის მონაცემთა ელემენტები - ზოგადი ინფორმაცია
ფიქსირებული სიგრძის საკონტროლო ველი 181216s1986||||ge |||||||||||||| ||geo||
040 ## - კატალოგიზაციის წყარო
Transcribing agency GE_BSU
041 ## - ენის კოდი
Language code of text/sound track or separate title geo
080 ## - უნივერსალური ათობითი კლასიფიკაციის ინდექსი
Universal Decimal Classification number 811.353.1'373+ 811.161.1'373 მ-70
100 ## - მთავარი ჩანაწერი - პიროვნების სახელი
Personal name მირიანაშვილი, ნ.
9 (RLIN) 7208
245 ## - ცნობა სათაურის შესახებ
Title ფერთა აღმნიშვნელი ლექსიკა ქართულსა და რუსულ ენებში :
Remainder of title (თარგმნით ლექსიკონების მიხედვით) /
Statement of responsibility, etc ნ. მირიანაშვილი ; რედ. ა. კობახიძე
264 ## - წარმოების, გამოცემის, დისტრიბუციის და სხვა ცნობები
გამოცემის, წარმოების, დისტრიბუციის... ადგილი თბილისი :
გამოცემის, წარმოების, დისტრიბუციის... სახელწოდება მეცნიერება,
გამოცემის, წარმოების, დისტრიბუციის... თარიღი 1986.
300 ## - ფიზიკური აღწერა
Extent 121 გვ. ;
Dimensions 21 სმ.
504 ## - BIBLIOGRAPHY, ETC. NOTE
Bibliography, etc ბიბლიოგრ. გვ. 99-111
520 ## - SUMMARY, ETC.
Summary, etc რეზიუმე
653 ## - INDEX TERM--UNCONTROLLED
Uncontrolled term ქართული ენის ლექსიკა
653 ## - INDEX TERM--UNCONTROLLED
Uncontrolled term რუსული ენის ლექსიკა
700 ## - ADDED ENTRY--PERSONAL NAME
Personal name კობახიძე, ა.
Relator term რედაქტორი
9 (RLIN) 7209
942 ## - ADDED ENTRY ELEMENTS (KOHA)
Koha item type წიგნი
Source of classification or shelving scheme
ეგზემპლარები
ჩამოწერის სტატუსი დაკარგული ეგზემპლარის სტატუსი კლასიფიკაციის წყარო ან თაროზე გაწყობის სქემა დაზიანების სტატუსი არ გაიცემა მუდმივი მდებარეობა (დაცვის ადგილი) ამჟამინდელი ადგილსამყოფელი თაროზე განთავსების ადგილი შეძენის თარიღი ღირებულება, შესყიდვის ნორმალური ფასი სრული შენახვის შიფრი შტრიხკოდი ბოლო ოპერაციის თარიღი ეგზემპლარის მიმდევრობითი ნომერი (კეტერი?) ფასის ძალაში შესვლის თარიღი ეგზემპლარის სახეობა საჯარო შენიშვნა
          ბათუმის შოთა რუსთაველის სახელმწიფო უნივერსიტეტის მთავარი ბიბლიოთეკა ბათუმის შოთა რუსთაველის სახელმწიფო უნივერსიტეტის მთავარი ბიბლიოთეკა წიგნსაცავი 2018-12-17 2.00 811.353.1'373+ 811.161.1'373 მ-70 51508 2018-12-17 51508 2018-12-17 წიგნი 2.00 ლ.
          ბათუმის შოთა რუსთაველის სახელმწიფო უნივერსიტეტის მთავარი ბიბლიოთეკა ბათუმის შოთა რუსთაველის სახელმწიფო უნივერსიტეტის მთავარი ბიბლიოთეკა წიგნსაცავი 2018-12-17 2.00 811.353.1'373+ 811.161.1'373 მ-70 51509 2018-12-17 51509 2018-12-17 წიგნი 2.00 ლ.
          ბათუმის შოთა რუსთაველის სახელმწიფო უნივერსიტეტის მთავარი ბიბლიოთეკა ბათუმის შოთა რუსთაველის სახელმწიფო უნივერსიტეტის მთავარი ბიბლიოთეკა წიგნსაცავი 2018-12-17 2.00 811.353.1'373+ 811.161.1'373 მ-70 51510 2018-12-17 51510 2018-12-17 წიგნი 2.00 ლ.